000 00447nam a2200181Ia 4500
008 090124s9999 xx 000 0 und d
082 _b126113
100 _aआठवले विजया
245 _a फरपट
250 _a1
260 _c1994
300 _a152
600 _aआठवले विजया
630 _a फरपट
700 _aआठवले विजया
730 _a फरपट
942 _cBOOK
999 _c172203
_d172203